Pays plus grand ou plus petit ? - Statistiques

Statistiques générales
  • Ce quiz a été pris 120 fois
  • Le résultat moyen est 8 sur 15
Statistiques - réponses
Hint Réponse % Correct
L'Ouzbékistan est plus ... que Oman Grand(e)
65%
Le Maroc est plus ... que le Chili Petit(e)
65%
La Zambie est plus ... que l'Espagne Grand(e)
62%
Le Royaume-Uni est plus ... que la Pologne Petit(e)
61%
La France est plus ... que l'Allemagne Grand(e)
60%
Le Chili est plus ... que l'Afghanistan Grand(e)
55%
La Pologne est plus ... que la Nouvelle-Zélande Grand(e)
51%
L'Allemagne est plus ... que le Maroc Petit(e)
51%
Le Japon est plus ... que la France Petit(e)
49%
L'Afghanistan est plus ... que l'Ukraine Grand(e)
48%
La Nouvelle-Zélande est plus ... que le Japon Petit(e)
47%
La Birmanie est plus ... que la Zambie Petit(e)
37%
L'Espagne est plus ... que l'Ouzbékistan Grand(e)
35%
Oman est plus ... que le Royaume-Uni Grand(e)
33%
L'Ukraine est plus ... que la Birmanie Petit(e)
31%
Aucun quiz correspondant
Distribution des résultats
% des personnes avec chaque résultat
Percentile par nombre de réponses
Votre historique - résultats
Vous n’avez pas pris ce quiz